| 000 | 01943nam a2200529 i 4500 | ||
|---|---|---|---|
| 001 | 30435 | ||
| 003 | KOSZ 005 | ||
| 005 | 20240405063051.0 | ||
| 008 | 980702s1995 pl |000 0 pol | ||
| 015 | _aPB 1996/6589 | ||
| 020 | _a8386467126 | ||
| 040 |
_aWA N _cWA N _dKOSZ 005/HR |
||
| 041 | 1 |
_apol _heng |
|
| 046 | _k1995 | ||
| 080 | _a341.24 | ||
| 080 | _a349.6 | ||
| 080 | _a504.3.06 | ||
| 080 | _a551.5 | ||
| 080 | _a(094.2) | ||
| 245 | 0 | 0 |
_aRamowa konwencja Narodów Zjednoczonych w sprawie zmian klimatu / _cpod red. Stanisława Wajdy i Janusza Żurka ; [tł. z ang.] ; Instytut Ochrony Środowiska. |
| 260 |
_aWarszawa : _bAgencja Informacyjna GEA, _c[1995]. |
||
| 300 |
_a30 s. ; _c24 cm. |
||
| 336 |
_2rdacontent _aTekst _btxt |
||
| 337 |
_2rdamedia _aBez urządzenia pośredniczącego _bn |
||
| 338 |
_2rdacarrier _aWolumin _bnc |
||
| 380 | _aKsiążki | ||
| 388 | _a1901-2000 | ||
| 388 | _a1989-2000 | ||
| 490 | 1 |
_aKonwencje Międzynarodowe i Uchwały Organizacji Międzynarodowych ; _vz. 7. |
|
| 500 | _aPrzekł. tekstu opubl. przez Biuro Informacyjne ds. Zmian Klimatu (IUCC) UNEP i WHO. | ||
| 610 | 2 | 4 | _aOrganizacja Narodów Zjednoczonych (ONZ) |
| 648 | _a1901-2000 | ||
| 648 | _a1945-1989 | ||
| 648 | _a1989-2000 | ||
| 650 | 4 | _aPowietrze | |
| 650 | 4 | _aPrawo ochrony środowiska międzynarodowe | |
| 650 | 4 | _aUmowy międzynarodowe gospodarcze | |
| 650 | 4 | _aWpływ na środowisko | |
| 650 | 4 | _aZmiany klimatyczne | |
| 658 | _aOchrona środowiska | ||
| 658 | _aPrawo i wymiar sprawiedliwości | ||
| 700 | 1 |
_aŻurek, Janusz _eRedakcja |
|
| 700 | 1 |
_aWajda, Stanisław _c(prawo) _eRedakcja |
|
| 830 | 0 |
_aKonwencje Międzynarodowe i Uchwały Organizacji Międzynarodowych _vz. 7 |
|
| 856 |
_uhttp://koha.tu.koszalin.pl/cgi-bin/koha/opac-detail.pl?biblionumber=30435 _yKatalog online BPK |
||
| 942 |
_2UKD _cKS |
||
| 999 |
_c30435 _d30435 |
||